000 00699nam a2200205 a 4500
001 BRCA_681
005 20190320203114.0
008 190508s1995----mx-a---###---#000-0#spa-#
041 _aspa
044 _amx
050 4 _aNE2314
_b.S25 1995
245 1 0 _aSala Ricardo Pérez Escamilla
_bgabinete de estampa.
260 _aMéxico
_bMUNAL : Loteria Nacional : INBA
_c1995
300 _a83 p.
_bil. a color
_c23 cm.
500 _a2do. ejemplar en el Área de Investigación
600 1 4 _aPérez Escamilla, Ricardo
_xColecciones de estampa
_92242
610 2 4 _aMuseo Nacional de Arte (Ciudad de México)
_xColecciones de estampa
_92243
650 1 4 _aLitografía
_ySiglo XIX
_zMéxico
_92244
942 _2lcc
_cB
999 _c587
_d587